000 00358 a2200157 4500
001 62245
020 _a043527760
040 _cAnchieta - Pituba
100 _aMc Lean, Alan C.
240 1 0 _aThe colombian connection
_lIng
245 1 0 _aThe colombian connection
300 _a32
362 0 _a1988
650 4 _aLiteratura juvenil em inglês
942 _cBK
999 _c62245
_d62245